[Event "Stuttgarter Stadtmeisterschaft B"]
[Site "Ditzingen"]
[Date "2015.05.15"]
[Round "4.22"]
[White "Götzfried, Alexander"]
[Black "Waibel, Christian"]
[Result "1/2-1/2"]
[WhiteElo "1893"]
[BlackElo "1481"]
[PlyCount "37"]
[EventDate "2015.??.??"]
[WhiteTeam "Stuttgarter SF 1879"]
[BlackTeam "SG Schwäbisch Gmünd 1872 e.V"]

1. d4 d5 2. Nf3 Nf6 3. g3 Nc6 4. Bg2 Bf5 5. O-O e6 6. c3 Bd6 7. Bg5 h6 8. Bxf6
Qxf6 9. Qb3 O-O-O 10. Na3 g5 11. Nb5 h5 12. c4 dxc4 13. Qxc4 h4 14. Ne5 hxg3
15. Nxc6 Qh6 16. Nxd6+ Rxd6 17. Ne7+ Kd7 18. fxg3 Qxh2+ 19. Kf2 1/2-1/2

[Event "Stuttgarter Stadtmeisterschaft B"]
[Site "Ditzingen"]
[Date "2015.05.15"]
[Round "4.23"]
[White "Hornung, Richard"]
[Black "Meusel, Rolf"]
[Result "0-1"]
[WhiteElo "1716"]
[BlackElo "1884"]
[PlyCount "82"]
[EventDate "2015.??.??"]
[WhiteTeam "SG Schwabing München"]
[BlackTeam "SK Handschuhsheim"]

1. Nf3 Nf6 2. c3 g6 3. d4 d5 4. g3 Bg7 5. Bg2 O-O 6. O-O Nbd7 7. Ne5 c6 8. f4
Ne4 9. Nd2 Ndf6 10. Nxe4 Nxe4 11. Qc2 f6 12. Nd3 Bf5 13. Qb3 Qb6 14. Qxb6 axb6
15. Nf2 Nd6 16. Re1 Ne4 17. g4 Bd7 18. h3 f5 19. Nxe4 fxe4 20. e3 b5 21. b3 c5
22. Bb2 b6 23. c4 bxc4 24. bxc4 e6 25. Reb1 Ra4 26. cxd5 exd5 27. dxc5 Bxb2 28.
Rxb2 bxc5 29. Rb7 Be6 30. a3 Rf7 31. Rb6 Re7 32. Kf2 Kf7 33. Bf1 c4 34. Rc6
Rea7 35. Be2 Ke7 36. Rb6 Rxa3 37. Rab1 Rc7 38. Rb7 Rxb7 39. Rxb7+ Kd6 40. Rxh7
c3 41. Bd1 Ra2+ 0-1

[Event "Stuttgarter Stadtmeisterschaft B"]
[Site "Ditzingen"]
[Date "2015.05.15"]
[Round "4.24"]
[White "Götze, Peter"]
[Black "Goda, Frederic"]
[Result "1/2-1/2"]
[WhiteElo "1862"]
[BlackElo "1705"]
[PlyCount "86"]
[EventDate "2015.??.??"]
[WhiteTeam "SV Besigheim"]
[BlackTeam "SC Weiße Dame Ulm"]

1. Nc3 Nf6 2. e4 d6 3. d4 e5 4. Nf3 Bg4 5. d5 Be7 6. Be3 O-O 7. Be2 Nfd7 8. Nd2
Bxe2 9. Qxe2 Bg5 10. f3 Bxe3 11. Qxe3 a6 12. O-O-O b5 13. h4 Nb6 14. g4 b4 15.
Ne2 a5 16. h5 a4 17. Rdg1 N8d7 18. g5 Nc5 19. Ng3 Qd7 20. Nf5 Nxd5 21. Nh6+ Kh8
22. exd5 gxh6 23. gxh6 Rg8 24. Rg7 Qf5 25. Ne4 Nxe4 26. fxe4 Qf6 27. Rhg1 Rxg7
28. hxg7+ Kg8 29. h6 Re8 30. Kd2 Qh4 31. Rf1 b3 32. cxb3 axb3 33. a3 c6 34.
dxc6 Rc8 35. Qxb3 Qxh6+ 36. Qe3 Qe6 37. Rc1 f5 38. exf5 Qd5+ 39. Ke2 Qg2+ 40.
Qf2 Qe4+ 41. Kf1 Qh1+ 42. Qg1 Qf3+ 43. Qf2 Qh1+ 1/2-1/2

[Event "Stuttgarter Stadtmeisterschaft B"]
[Site "Ditzingen"]
[Date "2015.05.15"]
[Round "4.25"]
[White "Helmich, Jörg"]
[Black "Häfele, Torsten"]
[Result "0-1"]
[WhiteElo "1704"]
[BlackElo "1855"]
[PlyCount "46"]
[EventDate "2015.??.??"]
[WhiteTeam "Regensb. Turnerschaft"]
[BlackTeam "SF Illingen"]

1. e4 e6 2. d4 d5 3. Nc3 h6 4. Nf3 Nf6 5. e5 Ne4 6. Nxe4 dxe4 7. Ng1 c5 8. c3
cxd4 9. Qxd4 Nc6 10. Bb5 Bd7 11. Bxc6 Bxc6 12. h3 Qxd4 13. cxd4 Bb4+ 14. Kf1
Bb5+ 15. Ne2 Rc8 16. a3 Ba5 17. b4 Bb6 18. Be3 Rc2 19. Re1 Ke7 20. h4 Rd8 21.
h5 Bxd4 22. Bxd4 Rxd4 23. Rh4 Bxe2+ 0-1

[Event "Stuttgarter Stadtmeisterschaft B"]
[Site "Ditzingen"]
[Date "2015.05.15"]
[Round "4.26"]
[White "Ellinger, Harald"]
[Black "Domingos, Antonio"]
[Result "1-0"]
[WhiteElo "1854"]
[BlackElo "1690"]
[PlyCount "113"]
[EventDate "2015.??.??"]
[WhiteTeam "SK Gerlingen"]

1. Nf3 d5 2. d4 Nf6 3. c4 c6 4. e3 Bg4 5. cxd5 cxd5 6. Be2 e6 7. O-O Bd6 8. h3
Bh5 9. Nc3 a6 10. Bd2 Nc6 11. Ne1 Bg6 12. f4 Rc8 13. Bd3 Bxd3 14. Nxd3 Nb4 15.
Nxb4 O-O 16. Nd3 b5 17. a3 Qb6 18. Ne5 b4 19. axb4 Bxb4 20. Qe2 a5 21. Na4 Qb7
22. Bxb4 Qxb4 23. Nd3 Qb3 24. Nac5 Qb5 25. Qd2 Ra8 26. Ra3 Ra7 27. Rfa1 Rfa8
28. Ra4 Ne8 29. b4 Nd6 30. Rxa5 Rxa5 31. Rxa5 Rxa5 32. bxa5 Nc4 33. Qb4 Qxb4
34. Nxb4 Nxa5 35. Kf2 Nc4 36. Nc6 Nd6 37. Kf3 Nc4 38. Nd7 Nd2+ 39. Ke2 Ne4 40.
Ne7+ Kh8 41. Ne5 Nd6 42. N7c6 Kg8 43. Nd7 Nf5 44. g4 Nd6 45. Ne7+ Kh8 46. f5
Ne8 47. fxe6 fxe6 48. Nc5 Nc7 49. Nc6 Kg8 50. Nd8 e5 51. dxe5 g6 52. Kd3 Kg7
53. Nde6+ Nxe6 54. Nxe6+ Kf7 55. Nc7 Ke7 56. Kd4 Kd7 57. Nxd5 1-0

[Event "Stuttgarter Stadtmeisterschaft B"]
[Site "Ditzingen"]
[Date "2015.05.15"]
[Round "4.27"]
[White "Pelezki, Jurij"]
[Black "Pfeilsticker, Thorsten"]
[Result "0-1"]
[WhiteElo "1822"]
[BlackElo "1663"]
[PlyCount "86"]
[EventDate "2015.??.??"]
[WhiteTeam "SV Fellbach"]
[BlackTeam "SV Stuttgart-Wolfbusch"]

1. Nf3 b5 2. e4 Bb7 3. d3 c5 4. Nbd2 e6 5. b3 Nf6 6. Bb2 Be7 7. Be2 O-O 8. O-O
Qc7 9. e5 Ne8 10. c3 d5 11. d4 a6 12. Bd3 f5 13. h4 g6 14. Be2 Ng7 15. g3 Nd7
16. Re1 Qd8 17. Kg2 b4 18. Rh1 h6 19. Nf1 Rc8 20. Qd2 f4 21. g4 bxc3 22. Bxc3
h5 23. N1h2 Bxh4 24. Nxh4 Qxh4 25. Rag1 Nxe5 26. f3 cxd4 27. Qxd4 Rxc3 28. Qxc3
Rc8 29. Qxe5 Qg3+ 30. Kf1 Rc1+ 31. Bd1 Rxd1+ 32. Ke2 Rxg1 33. Rxg1 Qxg1 34.
Qxf4 Qc5 35. Nf1 hxg4 36. Qb8+ Bc8 37. fxg4 Qb5+ 38. Qxb5 axb5 39. Kd3 e5 40.
Ne3 Bb7 41. a4 d4 42. Nd1 bxa4 43. bxa4 Ne6 0-1

[Event "Stuttgarter Stadtmeisterschaft B"]
[Site "Ditzingen"]
[Date "2015.05.15"]
[Round "4.29"]
[White "Shahisavandi, Abdollah"]
[Black "Wachtel, Arthur"]
[Result "0-1"]
[WhiteElo "1817"]
[BlackElo "1607"]
[PlyCount "70"]
[EventDate "2015.??.??"]
[WhiteTeam "Karlsruher SF 1853"]
[BlackTeam "SK Freising"]

1. e4 e6 2. Nc3 d5 3. d4 Nc6 4. Nf3 Nf6 5. e5 Ne4 6. a3 Be7 7. Bd3 Nxc3 8. bxc3
O-O 9. Bf4 f6 10. exf6 Bxf6 11. O-O Bxd4 12. Bxh7+ Kxh7 13. Ng5+ Kg8 14. Qh5
Rxf4 15. cxd4 Qf6 16. Qe8+ Qf8 17. Qh5 Qf6 18. Qh7+ Kf8 19. Qh8+ Ke7 20. Nh7
Rh4 21. g3 Qg6 22. Nf8 Qh6 23. gxh4 Qxh8 24. Ng6+ Kf6 25. Nxh8 Bd7 26. Rab1 b6
27. c4 Nxd4 28. Rfd1 c5 29. cxd5 exd5 30. Kg2 Rxh8 31. Kg3 Nf5+ 32. Kg2 Nxh4+
33. Kf1 d4 34. Ra1 Bb5+ 35. Kg1 Be2 0-1

[Event "Stuttgarter Stadtmeisterschaft B"]
[Site "Ditzingen"]
[Date "2015.05.15"]
[Round "4.30"]
[White "Kußmann, Alexander"]
[Black "Muench, Werner"]
[Result "1/2-1/2"]
[WhiteElo "1681"]
[BlackElo "1804"]
[PlyCount "123"]
[EventDate "2015.??.??"]
[WhiteTeam "SC Aidlingen"]
[BlackTeam "SC Widdern"]

1. e3 d5 2. c4 c6 3. Nc3 Nf6 4. Nf3 e6 5. d4 Nbd7 6. Bd3 dxc4 7. Bxc4 b5 8. Bb3
b4 9. Ne2 Bb7 10. Ng3 c5 11. O-O Be7 12. dxc5 Nxc5 13. Ba4+ Nxa4 14. Qxa4+ Qd7
15. Qxd7+ Nxd7 16. Nd4 O-O 17. Rd1 Rfd8 18. b3 Nf6 19. Bb2 Rac8 20. Rac1 Kf8
21. Nge2 Ba6 22. Rxc8 Rxc8 23. Rc1 Rxc1+ 24. Nxc1 Bb7 25. f3 Nd5 26. Kf2 Bf6
27. Nd3 Bxd4 28. Bxd4 a5 29. e4 Ne7 30. Ne5 f6 31. Nc4 Nc6 32. Bc5+ Kg8 33. Bb6
Ba6 34. Nxa5 Nxa5 35. Bxa5 Bd3 36. Bxb4 Bb1 37. Bd6 Bxa2 38. b4 Bc4 39. g3 Kf7
40. Ke3 e5 41. f4 Ke6 42. Bf8 g6 43. Bg7 Kf7 44. Bh8 Ke6 45. g4 exf4+ 46. Kxf4
g5+ 47. Ke3 Ke5 48. Bg7 Bb5 49. Kf3 Bc6 50. Ke3 Bb5 51. Bf8 Bc6 52. Be7 Ke6 53.
Bd8 Ke5 54. Bc7+ Ke6 55. Kd4 Kd7 56. Bg3 Ke6 57. e5 fxe5+ 58. Bxe5 Bf3 59. Bg3
Bxg4 60. Kc5 h5 61. h4 gxh4 62. Bxh4 1/2-1/2

[Event "Stuttgarter Stadtmeisterschaft B"]
[Site "Ditzingen"]
[Date "2015.05.15"]
[Round "4.31"]
[White "Steinmassl, Guido"]
[Black "Michna, Marcus"]
[Result "1/2-1/2"]
[WhiteElo "1636"]
[BlackElo "1798"]
[PlyCount "43"]
[EventDate "2015.??.??"]
[WhiteTeam "SK Gerlingen"]
[BlackTeam "TSF Ditzingen"]

1. d4 Nf6 2. c4 e6 3. Nf3 b6 4. g3 Bb7 5. Bg2 Be7 6. Nc3 d5 7. O-O O-O 8. Nh4
Ne4 9. Bxe4 dxe4 10. Ng2 Nc6 11. d5 exd5 12. Nxd5 Bd6 13. Ngf4 Ne7 14. b3 Nxd5
15. Nxd5 Be5 16. Rb1 Bxd5 17. cxd5 f5 18. f4 Bf6 19. b4 Qd7 20. Qb3 Kh8 21. Rd1
Rfd8 22. Bb2 1/2-1/2

[Event "Stuttgarter Stadtmeisterschaft B"]
[Site "Ditzingen"]
[Date "2015.05.15"]
[Round "4.32"]
[White "Brunner, Jan"]
[Black "Krebs, Thomas"]
[Result "1-0"]
[WhiteElo "1773"]
[BlackElo "1455"]
[PlyCount "133"]
[EventDate "2015.??.??"]
[WhiteTeam "SpVgg Rommelshausen"]
[BlackTeam "SK e4 Gerlingen"]

1. d4 d5 2. c4 e6 3. Nf3 Nf6 4. g3 Be7 5. Bg2 O-O 6. O-O b6 7. Nc3 Bb7 8. Ne5
c6 9. Qc2 Nbd7 10. e4 Bd6 11. Nxd7 Nxd7 12. exd5 cxd5 13. cxd5 exd5 14. Nxd5
Bxd5 15. Bxd5 Rc8 16. Qa4 Rc7 17. Be3 Nf6 18. Bf3 Qe7 19. Bc6 h6 20. a3 Rd8 21.
Rfe1 Qf8 22. h3 Rdc8 23. d5 Qd8 24. Rad1 Re7 25. Bd4 Rxe1+ 26. Rxe1 Rc7 27. Be5
Bxe5 28. Rxe5 Re7 29. Qf4 Nd7 30. Rxe7 Qxe7 31. Bxd7 Qxd7 32. Qb8+ Kh7 33. d6
Qe6 34. Qc7 Qe1+ 35. Kg2 Qe4+ 36. Kh2 Qf3 37. Qc2+ g6 38. Qd2 Qa8 39. d7 Qd8
40. Qd6 Kg7 41. f4 h5 42. f5 gxf5 43. Qe5+ Kf8 44. Qxf5 Ke7 45. Qxh5 Qxd7 46.
Qe2+ Kf8 47. h4 Qf5 48. Qd2 Kg7 49. Qd4+ Kg8 50. g4 Qf3 51. h5 Kh7 52. Qg1 Kh6
53. Qc1+ Kh7 54. Qc2+ Kh6 55. Qd2+ Kh7 56. Qg2 Qb3 57. Qe4+ Kh6 58. Qf4+ Kh7
59. Qf5+ Kh6 60. Qf6+ Kh7 61. g5 Qc2+ 62. Kg3 Qd3+ 63. Qf3 Qc4 64. h6 Qe6 65.
Qd3+ Kh8 66. Qd4+ Kh7 67. Qg7# 1-0

[Event "Stuttgarter Stadtmeisterschaft B"]
[Site "Ditzingen"]
[Date "2015.05.15"]
[Round "4.33"]
[White "Gheng, Hannelore"]
[Black "Haro, Niel"]
[Result "1-0"]
[WhiteElo "1744"]
[BlackElo "1531"]
[PlyCount "49"]
[EventDate "2015.??.??"]
[WhiteTeam "SF Deizisau"]
[BlackTeam "Stuttgarter SF"]

1. e4 Nc6 2. Nf3 d6 3. Bc4 Nf6 4. Nc3 h6 5. d4 Bg4 6. Be3 e5 7. h3 Bd7 8. Qd2
a6 9. a4 g5 10. Bxg5 hxg5 11. Nxg5 d5 12. exd5 Nxd4 13. O-O-O b5 14. Rhe1 Bd6
15. Qxd4 bxc4 16. f4 e4 17. Ncxe4 Bxf4+ 18. Kb1 Kf8 19. Nxf6 Rh4 20. Ngh7+ Rxh7
21. Nxh7+ Kg8 22. Nf6+ Kf8 23. Nxd7+ Kg8 24. Nf6+ Kf8 25. Re8+ 1-0

[Event "Stuttgarter Stadtmeisterschaft B"]
[Site "Ditzingen"]
[Date "2015.05.15"]
[Round "4.34"]
[White "Christ, Marcel"]
[Black "Hartmann, Christian"]
[Result "0-1"]
[WhiteElo "1658"]
[BlackElo "1744"]
[PlyCount "78"]
[EventDate "2015.??.??"]
[WhiteTeam "SC Ingersheim"]
[BlackTeam "SC Tarrasch München"]

1. d4 d5 2. c4 c6 3. Nc3 dxc4 4. e4 b5 5. d5 a6 6. Bf4 Bb7 7. Qc2 Nf6 8. Rd1
Qc8 9. dxc6 Bxc6 10. a4 e6 11. axb5 axb5 12. b3 b4 13. Na4 Bxa4 14. bxa4 c3 15.
Bb5+ Nbd7 16. e5 Nd5 17. Ne2 Be7 18. Nd4 O-O 19. Nc6 Re8 20. Bg3 Bf8 21. O-O
Nc5 22. Qe2 b3 23. Nd4 Re7 24. Rb1 c2 25. Rbe1 Rc7 26. Qh5 Nb4 27. Re2 Na2 28.
Bf4 Nc3 29. Rd2 b2 30. Rxc2 b1=Q 31. Rxb1 Nxb1 32. Re2 Nc3 33. Re3 Nxb5 34.
Nxb5 Rd7 35. Rh3 h6 36. Rg3 Rxa4 37. Bc1 Ra1 38. Rc3 Qa6 39. Qe2 Nd3 0-1

[Event "Stuttgarter Stadtmeisterschaft B"]
[Site "Ditzingen"]
[Date "2015.05.15"]
[Round "4.37"]
[White "Pelezki, Sergej"]
[Black "Dendic, Amar"]
[Result "1/2-1/2"]
[WhiteElo "1839"]
[BlackElo "1449"]
[PlyCount "114"]
[EventDate "2015.??.??"]
[WhiteTeam "SV 1947 Wendlingen"]
[BlackTeam "Stuttgarter SF 1879"]

1. e4 e5 2. Nc3 Bc5 3. Nf3 Nc6 4. Bc4 Nf6 5. O-O O-O 6. d3 d6 7. h3 a6 8. a3
Be6 9. Nd5 Bxd5 10. Bxd5 Nxd5 11. exd5 Ne7 12. c4 c6 13. dxc6 Nxc6 14. Ng5 Ba7
15. Qh5 h6 16. Ne4 f5 17. Nc3 Qe8 18. Qxe8 Raxe8 19. Be3 Nd4 20. Nd5 f4 21.
Bxd4 Bxd4 22. Rab1 e4 23. dxe4 Rxe4 24. b3 f3 25. Rfe1 Re2 26. Rf1 fxg2 27.
Kxg2 Rexf2+ 28. Rxf2 Rxf2+ 29. Kg3 Rb2 30. Rxb2 Bxb2 31. a4 Be5+ 32. Kg4 Kf7
33. Kf5 g6+ 34. Ke4 g5 35. Kf5 Bb2 36. Nb4 Bc1 37. Nd3 Bd2 38. Nf2 Ke7 39. Ne4
Bf4 40. h4 Kd7 41. h5 Kc6 42. Nf6 b5 43. Ng8 bxc4 44. bxc4 Kc5 45. Nxh6 Be5 46.
Nf7 Ba1 47. h6 g4 48. Kxg4 Kxc4 49. Nxd6+ Kd5 50. Ne8 Ke6 51. Nc7+ Kf6 52. Kh5
a5 53. Nd5+ Kf7 54. Kg5 Bb2 55. Kf5 Bc1 56. h7 Kg7 57. Nf6 Bb2 1/2-1/2

[Event "Stuttgarter Stadtmeisterschaft B"]
[Site "Ditzingen"]
[Date "2015.05.15"]
[Round "4.38"]
[White "Fuss, Thomas"]
[Black "Awiszus, Thomas"]
[Result "1-0"]
[WhiteElo "1857"]
[BlackElo "1619"]
[PlyCount "39"]
[EventDate "2015.??.??"]
[WhiteTeam "SV Rottweil"]
[BlackTeam "SK Schmiden/Cannstatt"]

1. d4 Nf6 2. Nf3 g6 3. c4 Bg7 4. Nc3 d5 5. cxd5 Nxd5 6. e4 Nxc3 7. bxc3 c5 8.
Bc4 Nc6 9. Be3 Qa5 10. O-O Qxc3 11. Rc1 Qa5 12. d5 Ne5 13. Nxe5 Bxe5 14. f4 Bg7
15. d6 e6 16. f5 b5 17. fxe6 fxe6 18. Bd5 Rb8 19. Bc6+ Bd7 20. Bxd7+ 1-0

[Event "Stuttgarter Stadtmeisterschaft B"]
[Site "Ditzingen"]
[Date "2015.05.15"]
[Round "4.39"]
[White "Günay, Nuri"]
[Black "Dallinger, Moritz"]
[Result "1-0"]
[WhiteElo "1742"]
[BlackElo "1570"]
[PlyCount "85"]
[EventDate "2015.??.??"]
[WhiteTeam "SK Sachsenheim"]
[BlackTeam "SV Stuttgart-Wolfbusch"]

1. d4 Nf6 2. c4 e6 3. Nc3 Bb4 4. Qc2 O-O 5. a3 Bxc3+ 6. Qxc3 b6 7. Bg5 d6 8. f3
c5 9. e4 cxd4 10. Qxd4 h6 11. Bxf6 Qxf6 12. Qxf6 gxf6 13. Rd1 Rd8 14. Ne2 Nc6
15. Nc3 a6 16. b4 Kf8 17. c5 dxc5 18. Rxd8+ Nxd8 19. bxc5 bxc5 20. Na4 Rb8 21.
Nxc5 Rb1+ 22. Kf2 Ra1 23. a4 Ke7 24. g4 Kd6 25. Nb3 Nc6 26. Nxa1 f5 27. gxf5
exf5 28. exf5 Bxf5 29. Bxa6 Nb4 30. Rd1+ Kc5 31. Nb3+ Kb6 32. Rd6+ Kc7 33. Rxh6
Be6 34. Nc5 Bd5 35. Be2 Nc6 36. h4 Kb6 37. Nd7+ Kc7 38. Nf6 Bb3 39. Bb5 Nd4 40.
Ne8+ Kb7 41. h5 Be6 42. Nd6+ Kc7 43. Nxf7 1-0

[Event "Stuttgarter Stadtmeisterschaft B"]
[Site "Ditzingen"]
[Date "2015.05.15"]
[Round "4.40"]
[White "Schreiber, Winfried"]
[Black "Zaytsev, Evgeny"]
[Result "1/2-1/2"]
[WhiteElo "1563"]
[BlackElo "1736"]
[PlyCount "121"]
[EventDate "2015.??.??"]
[BlackTeam "Stuttgarter SF"]

1. c4 e5 2. Nc3 g6 3. Nf3 d6 4. d4 exd4 5. Nxd4 Bg7 6. g3 Nf6 7. Bg2 O-O 8. O-O
Nbd7 9. b4 c6 10. Bb2 Qb6 11. Nc2 Qc7 12. a4 Ne5 13. Ne3 Be6 14. Qb3 Rab8 15.
Rfd1 b5 16. Rd2 Nxc4 17. Nxc4 Bxc4 18. Qd1 d5 19. e4 a6 20. a5 Rbd8 21. exd5
cxd5 22. Nxd5 Nxd5 23. Bxg7 Kxg7 24. Bxd5 Qd6 25. Ra3 Qxb4 26. Qa1+ f6 27. Rb2
Qc5 28. Bf3 Rd3 29. Rxd3 Bxd3 30. Qe1 Qc7 31. Rb3 Bc4 32. Re3 Rf7 33. Bd1 Qd6
34. Bb3 Bxb3 35. Rxb3 Rd7 36. Re3 Kf7 37. Rb3 Qd1 38. Rb1 Qxe1+ 39. Rxe1 Rd4
40. Ra1 Ra4 41. Rc1 Rxa5 42. Rc7+ Kg8 43. Rc8+ Kg7 44. Rc7+ Kh6 45. Rb7 Ra4 46.
Rb6 f5 47. Kg2 b4 48. Kf1 a5 49. Ke1 Ra3 50. Kd1 b3 51. Kc1 a4 52. Kb1 Ra2 53.
Ra6 a3 54. Rb6 Rxf2 55. Rxb3 a2+ 56. Ka1 Rxh2 57. g4 fxg4 58. Rb6 g3 59. Rxg6+
Kh5 60. Rg5+ Kh4 61. Rg4+ 1/2-1/2

[Event "Stuttgarter Stadtmeisterschaft B"]
[Site "Ditzingen"]
[Date "2015.05.15"]
[Round "4.41"]
[White "Ziegler, Michael"]
[Black "Grünwald, Max"]
[Result "1-0"]
[WhiteElo "1692"]
[BlackElo "1560"]
[PlyCount "77"]
[EventDate "2015.??.??"]
[WhiteTeam "SF Kornwestheim"]
[BlackTeam "SV Jedesheim"]

1. e4 e6 2. Nf3 d5 3. exd5 exd5 4. d4 Bd6 5. Bd3 Ne7 6. O-O O-O 7. Nc3 c6 8.
Re1 Bf5 9. Bxf5 Nxf5 10. Qd3 Ne7 11. Bg5 f6 12. Bh4 Qc8 13. Bg3 Nf5 14. Bxd6
Nxd6 15. Re2 f5 16. Rae1 Ne4 17. Nd2 Nd7 18. f3 Nxd2 19. Qxd2 f4 20. Re7 Nb6
21. b3 Qb8 22. Qe2 h6 23. Qd3 Rf6 24. R1e5 Qc8 25. Qe2 Rf8 26. R5e6 Nd7 27. Qd3
Rf6 28. Qe2 Rf8 29. Nd1 Nf6 30. Qe5 a5 31. Nf2 Qb8 32. Rd6 Re8 33. Rxg7+ Kh8
34. Re7 Rf8 35. Ree6 Qe8 36. Ng4 Qg6 37. Nxf6 Qxc2 38. Nh5+ Rf6 39. Qxf6+ 1-0

[Event "Stuttgarter Stadtmeisterschaft B"]
[Site "Ditzingen"]
[Date "2015.05.15"]
[Round "4.42"]
[White "Uhlarz, Jörg"]
[Black "Theuer, Tobias"]
[Result "0-1"]
[WhiteElo "1690"]
[BlackElo "1560"]
[PlyCount "128"]
[EventDate "2015.??.??"]
[WhiteTeam "SC Mühlacker"]
[BlackTeam "SG Schwäbisch Gmünd 1872 e.V"]

1. d4 d5 2. c4 e6 3. Nc3 Nf6 4. Nf3 c5 5. Bg5 cxd4 6. Qxd4 Be7 7. cxd5 exd5 8.
e3 h6 9. Bb5+ Nc6 10. Qh4 Be6 11. O-O Rh7 12. Bxf6 Bxf6 13. Qa4 Qd6 14. Rac1
Ke7 15. Rfd1 Rhh8 16. Ne4 Qb4 17. Nxf6 Qxa4 18. Nxd5+ Bxd5 19. Bxa4 Bxf3 20.
gxf3 Rac8 21. Kg2 Rhd8 22. Re1 Rd2 23. b4 Rxa2 24. Bxc6 Rxc6 25. Rxc6 bxc6 26.
Rd1 Rb2 27. Ra1 Rxb4 28. Rxa7+ Ke6 29. Ra6 Kd5 30. Ra7 Ke6 31. Ra6 Kd5 32. f4
Rb7 33. Kf3 Rc7 34. e4+ Kd4 35. Ra4+ Kd3 36. Ra3+ Kc4 37. Ke3 Kb4 38. Rd3 c5
39. Kd2 c4 40. Rc3 Ra7 41. Rc2 Ra3 42. Rb2+ Rb3 43. Kc2 Rxb2+ 44. Kxb2 c3+ 45.
Kc2 Kc4 46. f5 f6 47. h3 Kd4 48. f3 Kc4 49. h4 Kd4 50. h5 Kc4 51. f4 Kd4 52. e5
fxe5 53. fxe5 Kxe5 54. f6 Kxf6 55. Kxc3 Kg5 56. Kd2 Kxh5 57. Ke3 Kg4 58. Kf2 h5
59. Kg2 g5 60. Kh2 Kf3 61. Kg1 g4 62. Kh2 g3+ 63. Kh1 h4 64. Kg1 g2 0-1

[Event "Stuttgarter Stadtmeisterschaft B"]
[Site "Ditzingen"]
[Date "2015.05.15"]
[Round "4.43"]
[White "Giebler, Kai"]
[Black "Weisensel, Wolfgang"]
[Result "1-0"]
[WhiteElo "1528"]
[BlackElo "1685"]
[PlyCount "90"]
[EventDate "2015.??.??"]
[WhiteTeam "TSF Ditzingen"]
[BlackTeam "Stuttgarter SF"]

1. e4 c5 2. Nf3 d6 3. d4 cxd4 4. Nxd4 Nf6 5. Nc3 a6 6. f3 g6 7. Be3 Bg7 8. Qd2
Nc6 9. O-O-O O-O 10. g4 Be6 11. Nxe6 fxe6 12. Bh6 b5 13. h4 Ne5 14. Rh3 Nf7 15.
Bxg7 Kxg7 16. h5 Rh8 17. hxg6 hxg6 18. Qe3 Qc7 19. Bg2 Rxh3 20. Bxh3 g5 21. Ne2
Rc8 22. Rd2 e5 23. Ng3 e6 24. Bf1 Kg6 25. Bd3 Rh8 26. Qg1 Kg7 27. Rh2 Rxh2 28.
Qxh2 Qc8 29. Kd2 Qe8 30. Nh5+ Kg6 31. Nxf6 Kxf6 32. Qe2 Qc6 33. c3 d5 34. exd5
exd5 35. b3 Nd6 36. Qf2 Qb7 37. Qc5 Nf7 38. Bf5 Kg7 39. Be6 d4 40. Bd5 dxc3+
41. Kxc3 Qd7 42. Bxf7 Kxf7 43. Qxe5 Kg6 44. Qe4+ Kf7 45. Qh7+ Ke8 1-0

[Event "Stuttgarter Stadtmeisterschaft B"]
[Site "Ditzingen"]
[Date "2015.05.15"]
[Round "4.44"]
[White "Kobald, Matthias"]
[Black "Weber, Yannik"]
[Result "1-0"]
[WhiteElo "1683"]
[BlackElo "1545"]
[PlyCount "61"]
[EventDate "2015.??.??"]
[WhiteTeam "SV Stuttgart-Wolfbusch"]
[BlackTeam "SC Neckarsulm"]

1. c4 e5 2. g3 Bc5 3. Nc3 Ne7 4. Bg2 O-O 5. Nf3 d6 6. O-O Bg4 7. Nxe5 dxe5 8.
h3 Bc8 9. Ne4 Bd6 10. c5 f5 11. Qb3+ Kh8 12. cxd6 fxe4 13. dxe7 Qxe7 14. Qd5 c6
15. Qxe4 Bf5 16. Qe3 Qe6 17. Kh2 Rf6 18. f3 Nd7 19. b3 b6 20. Bb2 Rf7 21. Rac1
c5 22. f4 e4 23. g4 Bxg4 24. hxg4 Qxg4 25. Bxe4 Re8 26. d3 Re6 27. Rf3 Rh6+ 28.
Rh3 Rxh3+ 29. Qxh3 Qxf4+ 30. Kh1 Qd2 31. Qxh7# 1-0

[Event "Stuttgarter Stadtmeisterschaft B"]
[Site "Ditzingen"]
[Date "2015.05.15"]
[Round "4.45"]
[White "Tsybulevsky, Juri"]
[Black "De Oliveira Vasconcelos, Marcel B"]
[Result "1-0"]
[WhiteElo "1676"]
[BlackElo "1499"]
[Annotator "Microsoft"]
[PlyCount "161"]
[EventDate "2015.??.??"]
[WhiteTeam "Stuttgarter SF"]
[BlackTeam "SV Dicker Turm Esslingen"]

1. d4 d5 2. c4 c6 3. Nf3 Nf6 4. Nc3 dxc4 5. a4 Bf5 6. e3 e6 7. Bxc4 Bb4 8. Bd2
O-O 9. Nh4 Be4 10. Nf3 Bf5 (10... Bd5) 11. Nh4 Be4 12. Nf3 Bd5 13. Bd3 c5 14.
O-O cxd4 15. Nxd4 Nc6 16. Nxd5 Nxd5 17. Nxc6 bxc6 18. Bc2 c5 19. e4 Nf6 20. Bg5
Qxd1 21. Raxd1 Ng4 22. h3 Ne5 23. b3 c4 24. f4 cxb3 25. Bxb3 Nc6 26. Kh1 Rac8
27. Rb1 a5 28. Rfd1 Rc7 29. Bc4 Rfc8 30. Bb5 Na7 31. Bd7 Rb8 32. e5 Rc2 33. f5
exf5 34. Bxf5 Ra2 35. Rd7 Nc6 36. e6 Rxa4 37. e7 h6 38. Rd8+ Nxd8 39. exd8=Q+
Rxd8 40. Bxd8 Ra2 41. Bc7 g6 42. Be4 Re2 43. Bf3 Rc2 44. Bd8 Bc3 45. Bc6 f5 46.
Ba4 Rd2 47. Bc7 Rd4 48. Rb8+ Kf7 49. Bb3+ Ke7 50. Ra8 Rb4 51. Bc2 Rb2 52. Bd3
Rd2 53. Bb5 Rd1+ 54. Kh2 Rb1 55. Re8+ Kf7 56. Rb8 Ra1 57. Rb7 Kf6 58. Rb6+ Kg5
59. Bd8+ Kf4 60. Rxg6 Bd4 61. Bc7+ Ke4 62. Bc6+ Kd3 63. Rxh6 a4 64. Bb5+ Ke4
65. Re6+ Kd5 66. Re2 a3 67. Be8 Kc4 68. Bf7+ Kd3 69. Ra2 Rxa2 70. Bxa2 Kc2 71.
Kg3 Kb2 72. Bd5 Be3 73. Kf3 Bh6 74. Bf4 Bg7 75. Kg3 a2 76. Bxa2 Kxa2 77. Kh4
Bf6+ 78. Kh5 Kb3 79. Kg6 Bh8 80. Kxf5 Bd4 81. g4 1-0

[Event "Stuttgarter Stadtmeisterschaft B"]
[Site "Ditzingen"]
[Date "2015.05.15"]
[Round "4.46"]
[White "Meißner, Fabian"]
[Black "Stegmiller, Dennis"]
[Result "1-0"]
[WhiteElo "1666"]
[BlackElo "1349"]
[PlyCount "45"]
[EventDate "2015.??.??"]
[WhiteTeam "SG Ludwigsburg"]
[BlackTeam "TSF Ditzingen"]

1. d4 Nf6 2. c4 g6 3. Nc3 Bg7 4. Nf3 d6 5. e3 O-O 6. Be2 Nbd7 7. O-O e5 8. Qc2
exd4 9. exd4 b6 10. Bg5 Bb7 11. Rfe1 c6 12. d5 Qc7 13. dxc6 Qxc6 14. Rad1 d5
15. Nxd5 Nxd5 16. Rxd5 Rac8 17. Qd2 Nc5 18. Rd6 Qa4 19. b3 Qa3 20. Rd8 Rcxd8
21. Bxd8 Ne4 22. Qd7 Ba8 23. Be7 1-0

[Event "Stuttgarter Stadtmeisterschaft B"]
[Site "Ditzingen"]
[Date "2015.05.15"]
[Round "4.47"]
[White "Jüttner, Maik"]
[Black "Lang, Thomas"]
[Result "0-1"]
[WhiteElo "1483"]
[BlackElo "1653"]
[PlyCount "56"]
[EventDate "2015.??.??"]
[WhiteTeam "SpVgg Rommelshausen"]
[BlackTeam "SV Jedesheim"]

1. e4 e6 2. d3 d5 3. Nd2 Nf6 4. c3 c5 5. Be2 Be7 6. Ngf3 O-O 7. O-O Nc6 8. h3
h6 9. Re1 Re8 10. e5 Nd7 11. Nf1 Ndxe5 12. Ng3 Ng6 13. Nh2 Bg5 14. Bh5 Bxc1 15.
Rxc1 Kh7 16. Ng4 Rf8 17. Qc2 d4 18. Ne4 f5 19. Bxg6+ Kxg6 20. Nxc5 fxg4 21.
Nxe6 Bxe6 22. Rxe6+ Rf6 23. Rxf6+ Qxf6 24. hxg4 Re8 25. g3 Qf3 26. Qd1 Re2 27.
Qf1 Qxg4 28. f3 Qxg3+ 0-1

[Event "Stuttgarter Stadtmeisterschaft B"]
[Site "Ditzingen"]
[Date "2015.05.15"]
[Round "4.48"]
[White "Trobonjaca, Milos"]
[Black "Ungerer, Tobias"]
[Result "0-1"]
[WhiteElo "1633"]
[BlackElo "1179"]
[PlyCount "124"]
[EventDate "2015.??.??"]
[WhiteTeam "SF Oeffingen"]
[BlackTeam "Schach-Kids Bernhausen"]

1. d4 d5 2. c4 Nf6 3. g3 e6 4. Nf3 b6 5. Bg2 Bb7 6. O-O Be7 7. Nc3 O-O 8. cxd5
exd5 9. a3 c5 10. Bg5 Nbd7 11. Re1 Ne4 12. Bxe7 Qxe7 13. e3 Ndf6 14. Nxe4 dxe4
15. Ng5 Rad8 16. Qa4 a6 17. dxc5 bxc5 18. Rac1 Rfe8 19. Nh3 Ng4 20. Nf4 Rd2 21.
Re2 Red8 22. h3 Rxe2 23. Nxe2 Rd2 24. Rc2 Rd1+ 25. Bf1 Nh2 26. Rc1 Rxf1+ 27.
Rxf1 Nxf1 28. Kxf1 h6 29. Qc2 a5 30. Kg2 Qf6 31. Ng1 Qc6 32. Qd2 Qb6 33. Qc2
Qc6 34. Kh2 Qf6 35. Qd2 c4 36. Kg2 Qb6 37. Ne2 Qf6 38. Nd4 a4 39. Qb4 Qa6 40.
Nb5 Qf6 41. Nd4 Qa6 42. Qe7 g6 43. Qe8+ Kg7 44. Qb5 Qxb5 45. Nxb5 f5 46. Nd6
Bd5 47. Nc8 g5 48. Nb6 Bc6 49. Nxc4 Kf6 50. Na5 Bd5 51. g4 fxg4 52. hxg4 Ke6
53. Kg3 Kd6 54. b4 axb3 55. Nxb3 Bxb3 56. f3 Kd5 57. f4 gxf4+ 58. Kxf4 Bd1 59.
g5 hxg5+ 60. Kxg5 Kc4 61. Kf5 Kd3 62. Kf4 Ba4 0-1